| 000 | 00000nam##2200000za#4500 |
| 001 | 9.601608 |
| 003 | CaOODSP |
| 005 | 20210624210144 |
| 007 | cr ||||||||||| |
| 008 | 150406|2005||||xxc|||||o f|0| 0 fre|d |
| 040 | |aCaOODSP|bfre |
| 043 | |an-cn--- |
| 086 | 1 |aYC25-0/381-2F-PDF |
| 110 | 1 |aCanada. |bParlement. |bSénat. |bComité permanent des pêches et des océans. |
| 245 | 10|aRapport intérimaire au sujet du nouveau cadre stratégique en évolution du Canada pour la gestion des pêches et des océans : |h[ressource électronique]|bComité sénatorial permanent des pêches et des océans / |cL'honorable Gerald Comeau, président; L'honorable Elizabeth Hubley, vice-présidente. |
| 260 | |aOttawa - Ontario : |bSénat. |cMai 2005. |
| 300 | |a79p.|bréférences, tableau |
| 490 | 1 |aRapport du Comité sénatorial permanent des pêches et océans|v[38e législature, 1re session, 2e? rapport] |
| 590 | |a11-12-Supp|b2011-07-29 |
| 775 | 08|tInterim report on Canada's new and evolving policy framework for managing fisheries and oceans / |w(CaOODSP)9.570965 |
| 830 | #0|aRapport du Comité sénatorial permanent des pêches et océans ;|v[38e législature, 1re session, 2e? rapport]|w(CaOODSP)9.502204 |
| 856 | 40|ahttp://publications.gc.ca|qPDF|s461 Ko|uhttps://publications.gc.ca/collections/collection_2011/sen/yc25-0/YC25-0-381-2-fra.pdf|y[38e législature, 1re session, 2e? rapport] |